书目信息 |
| 题名: |
ASP+Dreamweavre数据库网站开发与实例
|
|
| 作者: | 孔璐 主编 ;周慧 , 李谨宏 , 朱云虎 编著 | |
| 分册: | ||
| 出版信息: | 北京 清华大学出版社 2007.10 |
|
| 页数: | 366页 | |
| 开本: | 26cm | |
| 丛书名: | 七彩网络丛书 | |
| 单 册: | ||
| 中图分类: | TP393.092 | |
| 科图分类: | ||
| 主题词: | 主页制作--zhu ye zhi zuo--应用软件 , 主页制作--zhu ye zhi zuo--程序设计 | |
| 电子资源: | ||
| ISBN: | 978-7-302-16220-9 | |
| 000 | 01059nam 2200313 450 | |
| 001 | 191000008105 | |
| 005 | 20081013110214.25 | |
| 010 | @a978-7-302-16220-9@dCNY38.00 (含光盘) | |
| 010 | @a978-7-89486-640-0@b光盘 | |
| 100 | @a20070326d2007 em y0chiy0121 ea | |
| 101 | 0 | @achi |
| 102 | @aCN@b110000 | |
| 105 | @ay z 000yy | |
| 200 | 1 | @aASP+Dreamweavre数据库网站开发与实例@AASP+Dreamweavre shu ju ku wang zhan kai fa yu shi li@f孔璐主编@g朱云虎, 周慧, 李谨宏编著 |
| 210 | @a北京@c清华大学出版社@d2007.10 | |
| 215 | @a366页@c图@d26cm | |
| 225 | 2 | @a七彩网络丛书@Aqi cai wang luo cong shu |
| 330 | @a本书主要包括:ASP基础、网站数据库、ASP与数据库网站应用等。 | |
| 410 | 0 | @12001 @a七彩网络丛书 |
| 606 | 0 | @a主页制作@Azhu ye zhi zuo@x应用软件 |
| 606 | 0 | @a主页制作@Azhu ye zhi zuo@x程序设计 |
| 690 | @aTP393.092@v4 | |
| 701 | 0 | @a孔璐@Akong lu@4主编 |
| 702 | 0 | @a周慧@Azhou hui@4编著 |
| 702 | 0 | @a李谨宏@Ali jin hong@4编著 |
| 702 | 0 | @a朱云虎@Azhu yun hu@4编著 |
| 801 | 0 | @aCN@c20081013 |
| 905 | @dTP393.092@eK7581 | |
| 999 | @aZYL | |
| ASP+Dreamweavre数据库网站开发与实例/孔璐主编/朱云虎, 周慧, 李谨宏编著.-北京:清华大学出版社,2007.10 |
| 366页:图;26cm.-(七彩网络丛书) |
| ISBN 978-7-302-16220-9:CNY38.00 (含光盘) |
| 本书主要包括:ASP基础、网站数据库、ASP与数据库网站应用等。 |
| ● |
| 相关链接 |
|
|
|
正题名:ASP+Dreamweavre数据库网站开发与实例
索取号:TP393.092/K7581
 
预约/预借
| 序号 | 登录号 | 条形码 | 馆藏地/架位号 | 状态 | 备注 |
| 1 | 841777 | 208417774 | 自科二线504/504自科库 15排2列2层/ [索取号:TP393.092/K7581] | 在馆 | |
| 2 | 841778 | 208417783 | 自科库301/301自科库 126排2列3层/ [索取号:TP393.092/K7581] | 在馆 | |
| 3 | 841779 | 208417792 | 自科二线504/504自科库 16排1列2层/ [索取号:TP393.092/K7581] | 在馆 |